000 00524nam a2200193Ia 4500
005 20250326125203.0
008 250326s9999 xx 000 0 und d
037 _aTextbook
040 _aFMSL
_beng
_cFMSL
041 _aeng
_2eng
084 _aX3:8M K4
_qFMSL
100 _aShurter R L
_9737239
245 0 _aWritten communication in business
_cShurter R L; Williamson J P
250 _a2
260 _aNY
_bNY, McGraw-Hill
_c1964
300 _a530p
942 _cTB
_hX3:8M K4
999 _c1276924
_d1276924